01000 2200241 4500001002100000005001500021035002000036007000300056008004100059020001800100082001400118084002000132100003800152245011900190250002100309260003500330300003100365650003800396500024500434700003100679700003100710990001700741INLIS00000000000082320260115071718 a0010-0723000012ta260115 j 1 ind  a978-979-063-3 a899.221 3 a899.221 3 BAM t0 aBambang Joko Susilo ( pengarang )1 aTerperangkap setan linglung :bseri ipung /cBambang Joko Susilo ; editor,Syeri fNurhakim : liustrasi,Dedi Fadilah a-Cet.1,Juli 2010 aJakarta :bZikrul Hakim,c2010 a112 :bilus. ;c20.5 cme- 4aFiksi Indonesia- bacaan anak-anak aSetan linglung? Setan macam apa pula itu? Sejak itulah Ipung dibuat penasaran. Ketika liburan sekolah, Ipung dan Lek Kino mendapat tawaran berlibur di Kampung Pak Gempung. Kesempatan ini digunakan Ipung untuk menguak misteri setan linglung.0 aSyeri fNurhakim ( Editor )0 aDedi Fadilah ( Ilustrasi ) a00100/K/2020